Central Library OPAC University of Rajshahi

আওরঙ্গজেব : (Record no. 38299)

MARC details
000 -LEADER
fixed length control field 00885nam a22002297a 4500
001 - CONTROL NUMBER
control field 38299
003 - CONTROL NUMBER IDENTIFIER
rucl marc code BD-RjUL
005 - DATE AND TIME OF LATEST TRANSACTION
control field 20211209052752.0
008 - FIXED-LENGTH DATA ELEMENTS--GENERAL INFORMATION
fixed length control field 151102s1982 bg ||||| |||| 00| 0 ben d
035 ## - SYSTEM CONTROL NUMBER
System control number (BD-RjUL)38404
040 ## - CATALOGING SOURCE
Original cataloging agency BD-RjUL
Language of cataloging ben
Transcribing agency BD-RjUL
041 ## - LANGUAGE CODE
Language code of text/sound track or separate title ben
082 ## - DEWEY DECIMAL CLASSIFICATION NUMBER
Edition number 19
Classification number 954.02580924
100 ## - MAIN ENTRY--PERSONAL NAME
Personal name নোমানী, শিবলী
9 (RLIN) 118386
245 ## - TITLE STATEMENT
Title আওরঙ্গজেব :
Remainder of title চরিত্র ও বিচার /
Statement of responsibility, etc. শিবলী নোমানী ; হাসান আলী অনূদিত
260 ## - PUBLICATION, DISTRIBUTION, ETC. (IMPRINT)
Place of publication, distribution, etc. ঢাকা :
Name of publisher, distributor, etc. বাংলা একাডেমী,
Date of publication, distribution, etc. ১৯৮২
300 ## - PHYSICAL DESCRIPTION
Pagination ১৩০ পৃ. ;
Size ২১ সেমি.
600 ## - SUBJECT ADDED ENTRY--PERSONAL NAME
Personal name Aurangzeb,
Titles and other words associated with a name Emperor of Hindustan
Dates associated with a name 1618-1707
651 ## - SUBJECT ADDED ENTRY--GEOGRAPHIC NAME
Geographic name Mogul Empire
General subdivision Kings and rulers
-- Biography
9 (RLIN) 118388
700 ## - ADDED ENTRY--PERSONAL NAME
Personal name আলী, হাসান
942 ## - ADDED ENTRY ELEMENTS (KOHA)
Source of classification or shelving scheme Dewey Decimal Classification
Koha item type Books
Holdings
Lost status Source of classification or shelving scheme Damaged status Not for loan Collection code Permanent Location Current Location Shelving location Date acquired Source of acquisition Cost, normal purchase price Total Checkouts Full call number Date last seen Date checked out Copy number Koha item type
  Dewey Decimal Classification     Non-fiction Central Library, University of Rajshahi Central Library, University of Rajshahi   18/10/1987 Bangla Academy, Dhaka 17.00 1 B 954.02580924 SHA 1982 07/11/2015 04/11/2015 C-2 Books